Statistiken für Länder, die Nordmakedonien am nächsten liegen

Klicken Sie hier um das Quiz zu spielen!

Allgemein

  • Dieses Quiz wurde 88 mal gespielt
  • Das Durchschnittsergebnis liegt bei 19 aus 20

Antwortstatistiken

KmLand% Korrekt
0Griechenland
100%
0Bulgarien
99%
0Kosovo
99%
0Albanien
97%
204Italien
97%
179Kroatien
97%
169Rumänien
97%
648Slowakei
97%
577Slowenien
97%
434Ungarn
97%
183Bosnien und
Herzegowina
96%
0Serbien
96%
79Montenegro
95%
635Österreich
93%
274Türkei
93%
575Ukraine
92%
577Moldawien
88%
695San Marino
81%
666Vatikanstadt
78%
739Polen
66%

Verteilung der Resultate

Perzentil nach korrekt beantworteten Fragen

Anzahl Personen mit jedem Resultat

Ihre Resultats-Entwicklung

Sie haben dieses Quiz noch nicht gespielt